ArtiFatto Empowering Visual Artists through NFTs / (Record no. 611565)
[ view plain ]
| 000 -LEADER | |
|---|---|
| fixed length control field | 01882nam a22001937a 4500 |
| 003 - CONTROL NUMBER IDENTIFIER | |
| control field | NUST |
| 005 - DATE AND TIME OF LATEST TRANSACTION | |
| control field | 20240919133338.0 |
| 008 - FIXED-LENGTH DATA ELEMENTS--GENERAL INFORMATION | |
| fixed length control field | 240919b ||||| |||| 00| 0 eng d |
| 082 ## - DEWEY DECIMAL CLASSIFICATION NUMBER | |
| Classification number | 005.1,FAR |
| 100 ## - MAIN ENTRY--PERSONAL NAME | |
| Personal name | Farooq, Muhammad Umar |
| 9 (RLIN) | 17931 |
| 245 ## - TITLE STATEMENT | |
| Title | ArtiFatto Empowering Visual Artists through NFTs / |
| Statement of responsibility, etc. | Muhammad Umar Farooq, Muhammad Anas Farooq, Shah Zaib Sajid, Hamza Tariq. |
| 260 ## - PUBLICATION, DISTRIBUTION, ETC. | |
| Place of publication, distribution, etc. | MCS, NUST |
| Name of publisher, distributor, etc. | Rawalpindi |
| Date of publication, distribution, etc. | 2024 |
| 300 ## - PHYSICAL DESCRIPTION | |
| Extent | 121 p |
| 505 ## - FORMATTED CONTENTS NOTE | |
| Formatted contents note | ArtiFatto is a web-based platform transforming the traditional art market by harnessing blockchain technology and Non-Fungible Tokens (NFTs) to meet the evolving needs of artists and art enthusiasts. It provides a comprehensive solution for showcasing, selling, and safeguarding artistic creations, enabling artists to exhibit their work in various forms, including audio, video, text and images, whether physical or digital. With an intuitive interface, artists can create profiles, upload intellectual properties (IPs), and tokenize them as NFTs, ensuring authenticity and traceability. By leveraging blockchain, ArtiFatto offers a secure, transparent environment for registering IPs as NFTs, protecting against unauthorized use and fostering trust among creators and buyers. Its global reach allows artists to connect with a vast audience of art enthusiasts and collectors, transcending geographical boundaries. Integrated features like secure payment processing, user ratings, and crypto wallet compatibility facilitate seamless transactions, fostering a vibrant art community. ArtiFatto democratizes access to art, providing artists with opportunities for recognition, monetization, and protection, revolutionizing the way visual art is traded and appreciated in the digital age. |
| 650 ## - SUBJECT ADDED ENTRY--TOPICAL TERM | |
| Topical term or geographic name entry element | UG BESE |
| 9 (RLIN) | 114271 |
| 651 ## - SUBJECT ADDED ENTRY--GEOGRAPHIC NAME | |
| Geographic name | BESE-26 |
| 9 (RLIN) | 125902 |
| 700 ## - ADDED ENTRY--PERSONAL NAME | |
| Personal name | Supervisor Dr. Imran Makhdoom |
| 9 (RLIN) | 118414 |
| 942 ## - ADDED ENTRY ELEMENTS (KOHA) | |
| Source of classification or shelving scheme | |
| Koha item type | Project Report |
No items available.
